All Formula 1 Ligier/Prost drivers - Statistics

General Stats
  • This quiz has been taken 510 times
  • The average score is 19 of 36
Answer Stats
Years No. of races Name Nationality % Correct
1994–99 91 Olivier Panis France
90%
2000–01 29 Jean Alesi France
86%
1991–92 32 Thierry Boutsen Belgium
80%
1986–89 64 René Arnoux France
79%
1976–82, 1985–86 134 Jacques Laffite France
76%
1997–99 39 Jarno Trulli Italy
75%
1993, 1995 27 Martin Brundle United Kingdom
70%
2000 17 Nick Heidfeld Germany
69%
2001 5 Heinz-Harald Frentzen Germany
65%
1988 16 Stefan Johansson Sweden
63%
2001 3 Tomáš Enge Czech Republic
63%
1993 16 Mark Blundell United Kingdom
61%
1995 6 Aguri Suzuki Japan
59%
1979 8 Jacky Ickx Belgium
59%
1984–85 27 Andrea de Cesaris Italy
55%
1979 7 Patrick Depailler France
55%
1981 8 Patrick Tambay France
55%
1996 16 Pedro Diniz Brazil
55%
1980 14 Didier Pironi France
54%
1994 1 Johnny Herbert United Kingdom
54%
2001 4 Gastón Mazzacane Argentina
53%
1981 5 Jean-Pierre Jabouille France
52%
1982 16 Eddie Cheever United States
51%
1997 17 Shinji Nakano Japan
47%
2001 10 Luciano Burti Brazil
45%
1991–92 32 Érik Comas France
43%
1977, 1981, 1983 18 Jean-Pierre Jarier France
43%
1986, 1990 23 Philippe Alliot France
40%
1994 13 Éric Bernard France
36%
1990 16 Nicola Larini Italy
32%
1989 16 Olivier Grouillard France
26%
1985 5 Philippe Streiff France
26%
1994 2 Franck Lagorce France
20%
1983 15 Raul Boesel Brazil
20%
1984 16 François Hesnault France
19%
1987 16 Piercarlo Ghinzani Italy
19%
No matching quizzes found
Score Distribution
Percent of People with Each Score
Percentile by Number Answered
Your Score History
You have not taken this quiz